| 000 | 00823nam a2200241 a 4500 | ||
|---|---|---|---|
| 999 |
_c8640 _d8640 |
||
| 001 | 8640 | ||
| 003 | OST | ||
| 005 | 20180403124246.0 | ||
| 008 | 180217b2005 bg a|||| |||| 000 0 ben d | ||
| 020 | _a984823943X | ||
| 035 | _a(BD-JhCC)8640 | ||
| 040 |
_aBD-JhCC _dBD-JhCC |
||
| 041 | _aben | ||
| 082 |
_a634.92 _bARA 2005 |
||
| 100 | _aআরেফিন, এস.এম.আমিনুল | ||
| 245 |
_aসহজ উপায়ে নার্সারি শিক্ষা : _bচারা উৎপাদন ও পরিচর্যা / _c এস.এম.আমিনুল আরেফিন |
||
| 260 |
_aঢাকা : _bসুচয়নী পাবলিশার্স, _c2005. |
||
| 300 |
_a191 p. : _c21 cm. _bill . ; |
||
| 650 | _aNursery | ||
| 650 | _apres plants | ||
| 942 |
_2ddc _cBK |
||